01188nam a2200217 a 450000100100000000500170001000800410002704000250006808200150009311101050010824501270021326000360034030000270037670000470040370000480045071000950049895201130059395201190070695201280082599900170095300004455020250701130548.0140714s2012 dr a 000 0 spa d aDO-SdBNPbspacBNPHU axxxxbxxxx2 aVII seminario de investigación científican(7mo. :d6, 7 y 8 de dic. 2012cSanto Domingo)97256010aVII seminario de investigación científica /ceditores ; Carlos Ml. Rodríguez Peña, Plácido F. Gómez Ramírez. aSanto Domingo :bMESCYT,c2012. a60 p. :bil. ;c28 cm.12aRodríguez Peña, Carlos Ml.eed.97256112aGómez Ramírez, Plácido F.eed.9725621 aRepública Dominicana.bMinisterio de Educación Superior, Ciencia y Tecnología972559 0010718PDaPDbPDcCTd2014-07-14iLF1l0oxxxx xxxxp44550-10r2020-06-25w2020-06-25yLFPDZNo se presta 0010718PDaPDbPDcCTd2014-07-14iLF1l0oxxxx xxxxp44550-20r2020-06-25te. 2w2020-06-25yLFPDZNo se presta 001054708DSaPDbPDcCTd2014-07-14iLF1l0oxxxx xxxxp44550-30r2020-06-25te. 3w2020-06-25yLFDSZPréstamo en sala c44039d44039